|
|
|
|
| LEADER |
00000nam a2200000 a 4500 |
| 001 |
vtls001424463 |
| 003 |
SK-MaSNL |
| 005 |
20260513042605.0 |
| 008 |
251113s2001 xo a r y slo |
| 015 |
|
|
|a SNBA2002/04-01596
|
| 020 |
|
|
|a 8022715093
|
| 035 |
|
|
|a SNK000379343
|
| 035 |
|
|
|a urn:nbn:sk:snk-amyh9c
|
| 035 |
|
|
|a urn:nbn:sk:snk-am00clcd
|
| 035 |
|
|
|a 4D583C28-61DA-4F36-969C-0F9C297506B8
|
| 040 |
|
|
|a SNK
|b slo
|c SNK
|e AACR2
|
| 041 |
0 |
|
|a slo
|
| 044 |
|
|
|a xo
|c SK
|
| 080 |
|
|
|a 539.1(075.8)(076.5)
|2 1981
|
| 245 |
0 |
|
|a Jadrovo-fyzikálne metódy a zariadenia
|b návody na laboratórne cvičenia
|c J. Cirák ... [et al.]
|
| 250 |
|
|
|a 2. vyd.
|
| 260 |
|
|
|a Bratislava
|b Slovenská technická univerzita
|c 2001
|
| 300 |
|
|
|a 317 s.
|b sch.
|c 29 cm
|
| 490 |
1 |
|
|a Edícia skrípt
|
| 500 |
|
|
|a 100 výt.
|
| 500 |
|
|
|a Aut. kol.
|
| 504 |
|
|
|a Bibliogr. odkazy
|
| 650 |
0 |
7 |
|a jadrová fyzika
|2 SNKPH
|9 817
|
| 655 |
|
7 |
|a učebnice vysokých škôl
|2 SNKPH
|9 70191
|
| 655 |
|
7 |
|a praktické cvičenia
|2 SNKPH
|9 70517
|
| 700 |
1 |
|
|a Cirák, Július,
|d 1924-2000
|4 aut
|9 188332
|
| 810 |
2 |
|
|a Slovenská technická univerzita v Bratislave.
|b Fakulta elektrotechniky a informatiky
|t Edícia skrípt
|9 492834
|
| 919 |
|
|
|a 80-227-1509-3
|
| 958 |
|
|
|a TL
|
| 958 |
|
|
|a NB
|
| 958 |
|
|
|a UV
|
| 958 |
|
|
|a OND
|
| 999 |
|
|
|c 554836
|d 556766
|
| 952 |
|
|
|t P60, <03>, [BOOK], {603}
|a SNK
|b SNK
|y PREZ
|7 0
|p 17A0322770
|o snkSB 64143
|i snkKSP 13095/2001
|0 0
|1 0
|4 0
|d 2001-11-21
|f 1
|l 0
|r 2025-04-17 00:00:00
|w 2026-02-23
|
| 952 |
|
|
|t P60, <04>, [BOOK], {604}
|a SNK
|b SNK
|y VYP
|7 0
|p 17A0322771
|o snkSB 64143 D1
|i snkKSP 13096/2001
|0 0
|1 0
|4 0
|d 2001-11-21
|l 0
|r 2005-01-02 00:00:00
|w 2026-02-23
|